000 00263nam a2200097Ia 4500
082 _aEF|NICO
245 0 _aOf cops & robbers
100 _a Nicol, Mike, Cape Town, South Africa, 2013
_967794
942 _cBK
008 210817s9999 xx 000 0 und d
999 _c218768
_d218767